000
00243nam a22001217a 4500
008
181217b xxu||||| |||| 00| 0 eng d
041
_a
eng
080
_a
.330
100
_a
55
101
_a
BUS
245
_a
Bus
_c
Adm 100
942
_2
udc
_c
BK
999
_c
53296
_d
53296